000 00943nam a2200289 i 4500
001 bg
003 BPK
005 20200813100928.0
008 040614s1975 pl a f f |000 0 pol
015 _aPB 1975/9202
040 _aWA N
_cBPK
041 0 _apol
080 _a536.7
080 _a(075.8)
100 1 _aSzargut, Jan
_d(1923-2017)
_eAutor
245 1 0 _aTermodynamika :
_bkurs inżynierski /
_cJan Szargut.
250 _aWyd. 2 popr. dodr.
260 _aWarszawa :
_bPańst. Wydaw. Naukowe,
_c1975.
300 _a282, [2] s., 4 s. tabl. :
_bil., tab., wykr. ;
_c24 cm.
504 _aBibliogr.
521 8 _aPodręcznik dla wydziałów mechanicznych politechnik.
655 4 _aPodręczniki akademickie
650 4 _aTermodynamika
710 2 _aPaństwowe Wydawnictwo Naukowe
_4pbl.
942 _2UKD
_cKS
856 _uhttp://koha.tu.koszalin.pl/cgi-bin/koha/opac-detail.pl?biblionumber=5806
_yKatalog online BPK
999 _c5806
_d5806